Institutiones Juris canonici in tres partes ac sex tomos distributae (Record no. 153048)
[ view plain ]
| 000 -LEADER | |
|---|---|
| campo de control de longitud fija | 00781nam a2200181 i 4500 |
| 001 - NÚMERO DE CONTROL | |
| campo de control | 153048 |
| 003 - IDENTIFICADOR DE NÚMERO DE CONTROL | |
| campo de control | ES-MaACL |
| 005 - FECHA Y HORA DE LA ÚLTIMA TRANSACCIÓN | |
| campo de control | 20250810063038.0 |
| 008 - DATOS DE LONGITUD FIJA--INFORMACIÓN GENERAL | |
| campo de control de longitud fija | 950226s1800 sp |||| | lat d |
| 040 ## - FUENTE DE CATALOGACIÓN | |
| Centro catalogador/agencia de origen | EUS |
| Lengua de catalogación | spa |
| Centro/agencia transcriptor | EUS |
| 100 1# - ENTRADA PRINCIPAL--NOMBRE DE PERSONA | |
| Nombre de persona | Cavallari, Domenico, |
| Fechas asociadas al nombre | 1724-1781 |
| 9 (RLIN) | 126403 |
| 245 10 - MENCIÓN DEL TÍTULO | |
| Título | Institutiones Juris canonici in tres partes ac sex tomos distributae |
| Resto del título | : quibus vetus et nova ecclesiae disciplina et mutationum causae enarrantur / |
| Mención de responsabilidad, etc. | a Dominico Cavallario ... ; tomus sextus. |
| 260 ## - PUBLICACIÓN, DISTRIBUCIÓN, ETC. | |
| Lugar de publicación, distribución, etc. | Matriti : |
| Nombre del editor, distribuidor, etc. | ex typographia Regia : |
| -- | se hallará en la librería de Don Felipe Alverá ..., |
| Fecha de publicación, distribución, etc. | 1800. |
| 300 ## - DESCRIPCIÓN FÍSICA | |
| Extensión | [4], 239 p. ; |
| Dimensiones | 4º. |
| 597 ## - NOTA DE DESCRIPCIÓN FÍSICA | |
| NOTA DE DESCRIPCIÓN FÍSICA | Sign.: []2, A-Z4, 2A-2G4. |
| 852 ## - LOCALIZACIÓN | |
| Ubicación | ES-MaACL |
| Número de control de estantería | R-1844(2) |
| Nota libre | -- Enc. perg. |
| Encuadernación | -- Olim: G-1558 |
| Estatus retirado | Estado de pérdida | Estado de daño | No para préstamo | Biblioteca de origen | Biblioteca actual | Ubicación en estantería | Fecha de adquisición | Fuente de adquisición | Total de préstamos | Signatura topográfica completa | Código de barras | Visto por última vez | Precio de reemplazo | Tipo de ítem Koha |
|---|---|---|---|---|---|---|---|---|---|---|---|---|---|---|
| Biblioteca del Ateneo de Madrid | Biblioteca del Ateneo de Madrid | Depósito | 17/01/2008 | R-1844(2) | 1159889 | 23/02/2023 | 23/02/2023 | Libro impreso antiguo |
